| 000 -LEADER |
| fixed length control field |
00816pab a2200169 454500 |
| 008 - FIXED-LENGTH DATA ELEMENTS--GENERAL INFORMATION |
| fixed length control field |
180718b2006 xxu||||| |||| 00| 0 eng d |
| 100 ## - MAIN ENTRY--PERSONAL NAME |
| Personal name |
Prakash, Anjal |
| 245 ## - TITLE STATEMENT |
| Title |
Contending water uses: social undercurrents in a water-scarce village |
| 260 ## - PUBLICATION, DISTRIBUTION, ETC. |
| Date of publication, distribution, etc. |
2006 |
| 300 ## - PHYSICAL DESCRIPTION |
| Extent |
p.577-79. |
| 362 ## - DATES OF PUBLICATION AND/OR SEQUENTIAL DESIGNATION |
| Dates of publication and/or sequential designation |
16 Feb |
| 520 ## - SUMMARY, ETC. |
| Summary, etc. |
Conditions of water scarcity have been aggravated in Vadali village of Gujarat due to persisting differences between higher castes, chiefly the ahirs, and those lower in the hierarchy such as the kolis and other dalit castes. Power relations are linked to social and economic hierarchy and the issue of resource inequity must be tackled through policy and advocacy measures. - Reproduced. |
| 650 ## - SUBJECT ADDED ENTRY--TOPICAL TERM |
| Topical term or geographic name entry element |
Water |
| 700 ## - ADDED ENTRY--PERSONAL NAME |
| Personal name |
Sama, R.K. |
| 773 ## - HOST ITEM ENTRY |
| Main entry heading |
Economic and Political Weekly |
| 909 ## - |
| -- |
68944 |